Loading...
UGC Net JRF examination teaching and research aptitude: general paper
| Main Author: | |
|---|---|
| Format: | Printed Book |
| Published: |
Academy of education, Kozhikode
2011
|
| Subjects: |
| LEADER | 00531nam a2200157 4500 | ||
|---|---|---|---|
| 082 | |a 000 UG ARE | ||
| 100 | |a Areekkuzhiyil, Santhosh | ||
| 245 | |a UGC Net JRF examination teaching and research aptitude: general paper |c Areekkuzhiyil, Santhosh | ||
| 250 | |||
| 260 | |a Academy of education, Kozhikode |c 2011 | ||
| 300 | |a 279 P | ||
| 490 | |||
| 650 | |a UGC Net--JRF--General paper | ||
| 942 | |c BK | ||
| 999 | |c 189602 |d 189602 | ||
| 952 | |0 0 |1 0 |4 0 |6 000_000000000000000_UG_ARE |7 0 |9 202951 |a ISL |b ISL |l 0 |o 000 UG ARE |p ISL03912 |r 2019-10-28 |w 2019-10-28 |y BK | ||